Регионална библиотека "Любен Каравелов" - Русе

Емиграция в Канада (Запис номер 97230)

MARC детайли
000 -Лидер
Контролно поле с фиксирана дължина 01255nam a2200325 c 4500
003 - Код на организацията, давaща контролен номер
Контролно поле BLK
005 - Дата и час на последна редакция
Контролно поле 20180422105113.0
008 - Елементи от данни с фиксирана дължина
fixed length control field 180409b bul|||||r ||||||| ||bul||
010 ## - Наследен системен номер
LC control number KNG00102138000
020 ## - Международен стандартен номер на книга ISBN
Международен стандартен номер на книга ISBN 954-90829-6-2
-- издат.: Арте ново
040 ## - Източник на каталожния запис
Идентификатор на билиотеката - собственик на записа BLK
041 ## - Код за език
Код за езика на текст/звукозапис или на отделно заглавие Български
Код за езика КДБФ Български
080 ## - УДК
Текстов определител УДК Изселване (Емиграция). Изселници. Политика на изселване
УДК код - определител по УДК 325.2
УДК определител (71)(035)
УДК - код + определител 325.2(71)(035)
100 1# - Редна дума - Автор
Автор Христова, Надежда
Авторска отговорност първи автор
Автор - информация (биография) Алексова, Бистра Спасова
R(LIN) 372778
139 ## - Редно поле
Редна дума Христова, Надежда
Авторски знак Христова - Х 79
245 10 - Сведения за заглавието
Заглавие Емиграция в Канада
Подзаглавни данни Справочник
Редно поле (дума) Надежда Христова.
257 ## - Страна на издаване
Страна на създаване/издаване България
260 ## - Област на издателските данни
-- София
Име на издателя, разпространителя и проч. Арте ново
Година на издаване 2001
Печатница София : Коректа
300 ## - Физическа характеристика
Страници 112 с.
Илюстрации и др. табл.
Размери/Мащаб 21 см
380 ## - Жанр
Жанр Обществени науки
500 ## - Общи забележки
Забележка В кн. озна 2. доп. и прераб. изд.
650 #4 - Допълнително описание по предмет – тема
Основно описание – тема или топоним Емиграция, българска - в Канада
9 (RLIN) 248089
653 ## - Ключова дума – ненормативна
Ключова дума емиграция
653 ## - Ключова дума – ненормативна
Ключова дума Канада
852 ## - Местоположение
Форматна сигнатура Цб 212029
856 4# - Електронен адрес и достъп
Електронен формат pdf - файл
Път до файла /url/
856 4# - Електронен адрес и достъп
Електронен формат pdf - файл
Път до файла /url/
942 ## - АРТИКУЛИ
Вид на библиотечния материал Книги
Скрит в OPAC Не
944 ## - СЪЗДАВАНЕ И РЕДАКЦИЯ на ЗАПИСА
Създаване/Редакция Създаване
Дата на регистрацията/редакция 01.01.2001
Служител, извършил регистрацията/редакцията Кети_Илиева
944 ## - СЪЗДАВАНЕ И РЕДАКЦИЯ на ЗАПИСА
Създаване/Редакция Редакция
Дата на регистрацията/редакция 13.11.2012
Служител, извършил регистрацията/редакцията
999 ## - СИСТЕМНИ КОНТРОЛНИ НОМЕРА
Koha biblionumber 97230
Koha biblioitemnumber 97230
Наличности
Код за отписване Код за изгубен артикул Код за повреда Коз за рестрикции Код за отдаване Артикулен № Име на библиотеката - собственик Име на библиотеката, в която се намира в момента Статус (Текущо местоположение) Дата на вписване в системата Местоположение - отдел Цена в лева Инвентарен номер Систематично азбучна сигнатура Баркод Номер на екземпляра Цена в евро Служебна бележка Служебен тип на артикула Източник на класификационната схема
  Не е изгубен Не е повреден без рестрикции ползва се в читалня 155943 Регионална библиотека "Любен Каравелов" Русе Регионална библиотека "Любен Каравелов" Русе Хранилище 2002-06-25 Хранилище 2.90 120000670852 Цб 212029 120000670852 1 1.48 Дост: Dp Вид: Д N: 3 Дата: 02.01.2002 Книги  
Изтеглен Не е изгубен Не е повреден без рестрикции ползва се в читалня 155944 Регионална библиотека "Любен Каравелов" Русе Регионална библиотека "Любен Каравелов" Русе Читалня 2002-10-04 Читалня 2.90 120000672726 Ч 32/Х 79 120000672726 2 1.48 Дост: Pk Вид: Ф N: 8595 Дата: 04.10.2002 Дата инв: 22.03.2017 Бележки инв: Ч2017 Книги Universal Decimal Classification
Vip Innovations Ltd, Rousse, Bulgaria 2025